000 00391nam a22001697a 4500
005 20260406134544.0
008 160627b xxu||||| |||| 00| 0 eng d
020 _a978-0-330-448-55-0
041 _aeng
082 _a813.6
100 _aCobot, Meg.
_92851
245 _aThe Princess Diaries ( To the Nine)
260 _bMac Millan
300 _a269
650 _aManagement
942 _cBK
999 _c4127
_d4126